An introduction to optimization, (Record no. 13488)

000 -LEADER
fixed length control field 00379nam a22001577a 4500
020 ## - INTERNATIONAL STANDARD BOOK NUMBER
International Standard Book Number 9788126527311
082 ## - DEWEY DECIMAL CLASSIFICATION NUMBER
Classification number 519.6 CHO
100 ## - MAIN ENTRY--PERSONAL NAME
Personal name Edwin K. P. Chong
245 ## - TITLE STATEMENT
Title An introduction to optimization,
250 ## - EDITION STATEMENT
Edition statement 2nd ed.
260 ## - PUBLICATION, DISTRIBUTION, ETC.
Place of publication, distribution, etc. New Delhi
Name of publisher, distributor, etc. Wiley
Date of publication, distribution, etc. 2013
300 ## - PHYSICAL DESCRIPTION
Extent 476p.
Other physical details ill.:
650 ## - SUBJECT ADDED ENTRY--TOPICAL TERM
Topical term or geographic name entry element Mathematical optimization
700 ## - ADDED ENTRY--PERSONAL NAME
Personal name Stanislaw H. Zak
942 ## - ADDED ENTRY ELEMENTS (KOHA)
Koha item type Book
Holdings
Withdrawn status Lost status Damaged status Not for loan Collection code Permanent Location Current Location Shelving location Date acquired Source of acquisition Cost, normal purchase price Total Checkouts Full call number Barcode Date last seen Date last checked out Price effective from Koha item type
          Central Library (CL) Central Library (CL) General Stacks 03/22/2016 Allied Book Company 656.74 2 519.6 CHO SEECS013392 10/12/2025 11/07/2023 03/25/2016 Book
© 2023 Central Library, National University of Sciences and Technology. All Rights Reserved.